Data structures & other objects using Java / (Record no. 19271)
[ view plain ]
| 000 -LEADER | |
|---|---|
| fixed length control field | 01011cam a2200313 a 4500 |
| 001 - CONTROL NUMBER | |
| control field | 016034188 |
| 003 - CONTROL NUMBER IDENTIFIER | |
| control field | OSt |
| 005 - DATE AND TIME OF LATEST TRANSACTION | |
| control field | 20150512100754.0 |
| 008 - FIXED-LENGTH DATA ELEMENTS--GENERAL INFORMATION | |
| fixed length control field | 120225t2012 njua fr 001 0 eng d |
| 020 ## - INTERNATIONAL STANDARD BOOK NUMBER | |
| International Standard Book Number | 9780132911504 |
| 020 ## - INTERNATIONAL STANDARD BOOK NUMBER | |
| International Standard Book Number | 0132911507 |
| 040 ## - CATALOGING SOURCE | |
| Original cataloging agency | IeDuTC |
| Language of cataloging | eng |
| Transcribing agency | IeDuTC |
| Modifying agency | Uk |
| -- | EG-ScBUE |
| 082 04 - DEWEY DECIMAL CLASSIFICATION NUMBER | |
| Classification number | 005.73 |
| Item number | MAI |
| Edition number | 22 |
| 100 1# - MAIN ENTRY--PERSONAL NAME | |
| Personal name | Main, M. |
| Fuller form of name | (Michael), |
| Dates associated with a name | 1956- |
| 9 (RLIN) | 37942 |
| 245 10 - TITLE STATEMENT | |
| Title | Data structures & other objects using Java / |
| Statement of responsibility, etc | Michael Main. |
| 246 3# - VARYING FORM OF TITLE | |
| Title proper/short title | Data structures and other objects using Java |
| 250 ## - EDITION STATEMENT | |
| Edition statement | 4th ed., Pearson International ed. |
| 260 ## - PUBLICATION, DISTRIBUTION, ETC. (IMPRINT) | |
| Place of publication, distribution, etc | New Jersey : |
| Name of publisher, distributor, etc | Pearson Education Inc., |
| Date of publication, distribution, etc | c.2012. |
| 300 ## - PHYSICAL DESCRIPTION | |
| Extent | 847 p. : |
| Other physical details | ill. ; |
| Dimensions | 24 cm. |
| 490 ## - Series Statement | |
| Series statement | Always learning |
| 500 ## - GENERAL NOTE | |
| General note | Index : p. 843-847. |
| 500 ## - GENERAL NOTE | |
| General note | Includes appendices. |
| 650 #7 - SUBJECT ADDED ENTRY--TOPICAL TERM | |
| Topical term or geographic name as entry element | Data structures (Computer science) |
| Source of heading or term | BUEsh |
| 9 (RLIN) | 12448 |
| 650 #7 - SUBJECT ADDED ENTRY--TOPICAL TERM | |
| Topical term or geographic name as entry element | Java (Computer program language) |
| Source of heading or term | BUEsh |
| 9 (RLIN) | 3407 |
| 651 ## - SUBJECT ADDED ENTRY--GEOGRAPHIC NAME | |
| Source of heading or term | BUEsh |
| 653 ## - INDEX TERM--UNCONTROLLED | |
| Resource For college | Informatics and Computer Science |
| Arrived date list | May2015 |
| 655 ## - INDEX TERM--GENRE/FORM | |
| Form subdivision | |
| -- | 34232 |
| 942 ## - ADDED ENTRY ELEMENTS (KOHA) | |
| Source of classification or shelving scheme | Dewey Decimal Classification |
| Call number prefix | 005.73 MAI |
| Withdrawn status | Item status | Source of classification or shelving scheme | Damaged status | Not for loan | Vendor | Home library | Current library | Shelving location | Date acquired | Source of acquisition | Cost, normal purchase price | Serial Enumeration / chronology | Total Checkouts | Full call number | Barcode | Date last seen | Cost, replacement price | Koha item type |
|---|---|---|---|---|---|---|---|---|---|---|---|---|---|---|---|---|---|---|
| Dewey Decimal Classification | Alahram | Central Library | Central Library | Lower Floor | 05/05/2015 | 222.00 | 329 | 005.73 MAI | 000038131 | 15/07/2025 | 277.50 | Book - Borrowing |